[Event "XXIII Festival Conca della Presolana A"]
[Site "Bratto - Castione della Presolana ITA"]
[Date "2003.08.26"]
[Round "6"]
[White "Bellia, Fabrizio"]
[Black "Rosin, Federico"]
[Result "1-0"]
[WhiteElo "2397"]
[BlackElo "2117"]
[PlyCount "65"]
[EventDate "2003.08.21"]

1.e4 c5 2.c3 Nf6 3.e5 Nd5 4.d4 cxd4 5.Nf3 e6 6.cxd4 b6 7.Bd3 Bb7 8.a3 d6 
9.O-O Nd7 10.Re1 dxe5 11.dxe5 Be7 12.Qe2 O-O 13.Bd2 Nc5 14.Bc4 a5 15.a4 
Qc7 16.Na3 Rac8 17.Nb5 Qb8 18.b3 Rfd8 19.Nfd4 Nb4 20.Qg4 Nc6 21.Bh6 g6 22.
Nf3 Nb4 23.Ng5 Nc2 24.Qf4 f5 25.Nxe6 Rd5 26.Ned4 Nxe1 27.Rxe1 Ne4 28.f3 
Nc3 29.Nd6 Rxc4 30.bxc4 Rc5 31.N4xf5 Qc7 32.Nxe7+ Qxe7 33.Nxb7 1-0

[Event "XXIII Festival Conca della Presolana A"]
[Site "Bratto - Castione della Presolana ITA"]
[Date "2003.08.26"]
[Round "6"]
[White "Bentivegna, Francesco"]
[Black "Brancaleoni, Maurizio"]
[Result "1-0"]
[WhiteElo "2165"]
[BlackElo "2298"]
[PlyCount "85"]
[EventDate "2003.08.21"]

1.e4 c6 2.d4 d5 3.e5 c5 4.dxc5 e6 5.Be3 Ne7 6.c3 Nf5 7.Bd4 Nxd4 8.cxd4 b6 
9.c6 Nxc6 10.Nf3 Be7 11.Nc3 Bd7 12.Rc1 O-O 13.Bd3 f6 14.exf6 Bxf6 15.O-O 
g6 16.Bb5 Na5 17.Qe2 Rc8 18.Rfe1 Re8 19.Nxd5 exd5 20.Rxc8 Qxc8 21.Qxe8+ 
Bxe8 22.Rxe8+ Qxe8 23.Bxe8 Kf8 24.Bb5 Ke7 25.Kf1 Nc4 26.b3 Nd6 27.Bd3 Ne4 
28.Bxe4 dxe4 29.Nd2 Bxd4 30.Nxe4 b5 31.Ke2 a6 32.f4 Bg1 33.h3 Ke6 34.g4 h6
35.Kf3 Kd5 36.Ng3 Kc5 37.Ne2 Bh2 38.Kg2 Bxf4 39.Nxf4 g5 40.Nd3+ Kd4 41.Nb4
a5 42.Nc6+ Kc5 43.Nxa5 1-0

[Event "XXIII Festival Conca della Presolana A"]
[Site "Bratto - Castione della Presolana ITA"]
[Date "2003.08.26"]
[Round "6"]
[White "Bertagnolli, Gerhard"]
[Black "Luchsinger, Eric"]
[Result "1/2-1/2"]
[WhiteElo "1870"]
[BlackElo "2094"]
[PlyCount "33"]
[EventDate "2003.08.21"]

1.d4 Nf6 2.Nf3 c5 3.e3 g6 4.Be2 Bg7 5.O-O O-O 6.c4 cxd4 7.Nxd4 Nc6 8.Nc3 
Nxd4 9.Qxd4 d6 10.Bd2 Be6 11.Rac1 d5 12.cxd5 Nxd5 13.Qa4 Nb6 14.Qc2 Rc8 
15.Rfd1 Nc4 16.Be1 Nd6 17.Qa4 1/2-1/2

[Event "XXIII Festival Conca della Presolana A"]
[Site "Bratto - Castione della Presolana ITA"]
[Date "2003.08.26"]
[Round "6"]
[White "Bresciani, Nicola"]
[Black "Radice, Luca"]
[Result "1-0"]
[WhiteElo "2285"]
[BlackElo "2092"]
[PlyCount "79"]
[EventDate "2003.08.21"]

1.e4 e6 2.d4 d5 3.Nd2 Nc6 4.Ngf3 Nf6 5.e5 Nd7 6.Bb5 a6 7.Bxc6 bxc6 8.Nb3 
c5 9.Bg5 Be7 10.Na5 Nb8 11.Bxe7 Qxe7 12.c4 cxd4 13.cxd5 Qc5 14.Nb3 Qxd5 
15.Qxd4 Bb7 16.Rc1 c6 17.Nc5 Bc8 18.O-O Nd7 19.Nxd7 Bxd7 20.Qg4 O-O-O 21.
Qa4 Qb5 22.Qa3 a5 23.Rc5 Qb4 24.Rxa5 Qxa3 25.Rxa3 Be8 26.Ra8+ Kc7 27.Rxd8 
Kxd8 28.Rc1 Kc7 29.Ng5 h6 30.Ne4 Bd7 31.Nc5 Ra8 32.a4 Bc8 33.b4 Kb6 34.Rd1
Ra7 35.f4 Re7 36.Kf2 f6 37.Rd8 Kc7 38.Rf8 fxe5 39.fxe5 Bd7 40.Ra8 1-0

[Event "XXIII Festival Conca della Presolana A"]
[Site "Bratto - Castione della Presolana ITA"]
[Date "2003.08.26"]
[Round "6"]
[White "Capitelli, Paolo"]
[Black "Borroni, Enrico"]
[Result "1/2-1/2"]
[WhiteElo "2128"]
[BlackElo "1908"]
[PlyCount "105"]
[EventDate "2003.08.21"]

1.e4 c6 2.d4 d5 3.exd5 cxd5 4.c4 Nf6 5.Nc3 e6 6.Nf3 Be7 7.Bd3 O-O 8.c5 b6 
9.b4 a5 10.Na4 Nfd7 11.a3 axb4 12.axb4 bxc5 13.bxc5 e5 14.Nxe5 Nxe5 15.
dxe5 Bxc5 16.O-O Be7 17.Qc2 g6 18.Bd2 Be6 19.Rab1 Nd7 20.f4 f5 21.Qc6 Kf7 
22.Ba6 Ra7 23.Bb7 Nb8 24.Qb5 Qd7 25.Nc3 d4 26.Qxd7 Nxd7 27.Nd5 Rb8 28.Nxe7
Kxe7 29.Bf3 Kf7 30.Rxb8 Nxb8 31.Rb1 Nd7 32.Bb4 Ra6 33.Rd1 Nb6 34.Rxd4 Nc4 
35.h4 Ne3 36.Rd8 Ng4 37.Bxg4 fxg4 38.Rf8+ Kg7 39.Kh2 Bf5 40.Rd8 Ra7 41.Rd6
Rd7 42.Rf6 Rd8 43.h5 Re8 44.Kg3 Re6 45.Rxe6 Bxe6 46.Kh4 Kf7 47.Kg5 Kg7 48.
Be7 h6+ 49.Kh4 Kf7 50.Bf6 Bd7 51.hxg6+ Kxg6 52.Kg3 Kf5 53.Bg7 1/2-1/2

[Event "XXIII Festival Conca della Presolana A"]
[Site "Bratto - Castione della Presolana ITA"]
[Date "2003.08.26"]
[Round "6"]
[White "Capone, Vincenzo"]
[Black "Mazzariol, Oscar"]
[Result "1/2-1/2"]
[WhiteElo "2133"]
[BlackElo "2049"]
[PlyCount "92"]
[EventDate "2003.08.21"]

1.e4 c5 2.Nf3 e6 3.d4 cxd4 4.Nxd4 Nf6 5.Nc3 d6 6.Be2 a6 7.a4 b6 8.f4 Qc7 
9.O-O Bb7 10.Bf3 Nbd7 11.Qe2 Be7 12.Be3 Rc8 13.g4 Nc5 14.Bf2 O-O 15.g5 Ne8
16.Be3 g6 17.f5 e5 18.Nb3 Nxb3 19.cxb3 d5 20.Rac1 Bc5 21.Nxd5 Bxd5 22.Bxc5
bxc5 23.exd5 gxf5 24.b4 c4 25.b3 e4 26.Bg2 Qb6+ 27.Kh1 Nd6 28.bxc4 Qxb4 
29.Bh3 Rxc4 30.Rxc4 Qxc4 31.Qxc4 Nxc4 32.Bxf5 Nd6 33.Bd7 Rb8 34.Kg2 Rb2+ 
35.Rf2 Rxf2+ 36.Kxf2 Kg7 37.Bg4 a5 38.Ke3 Kg6 39.h4 h6 40.Kf4 hxg5+ 41.
hxg5 e3 42.Kxe3 Kxg5 43.Bd1 Kf5 44.Kd4 Kf4 45.Bc2 f6 46.Kc5 Ke5 1/2-1/2

[Event "XXIII Festival Conca della Presolana A"]
[Site "Bratto - Castione della Presolana ITA"]
[Date "2003.08.26"]
[Round "6"]
[White "Caruso, Augusto"]
[Black "Barlocco, Carlo"]
[Result "0-1"]
[WhiteElo "2247"]
[BlackElo "2150"]
[PlyCount "96"]
[EventDate "2003.08.21"]

1.e4 c5 2.Nf3 a6 3.Nc3 e6 4.d4 cxd4 5.Nxd4 Qc7 6.Bd3 Nf6 7.Qe2 d6 8.f4 e5 
9.Nf3 Be7 10.f5 b5 11.a3 Bb7 12.Bd2 Nbd7 13.O-O O-O 14.Rfe1 d5 15.exd5 
Nxd5 16.Be4 Nxc3 17.Bxc3 f6 18.Rad1 Nb6 19.Ba5 Bxe4 20.Qxe4 Qa7 21.Kh1 Nc4
22.Qd5+ Kh8 23.Qe6 Bxa3 24.Rd7 Qf2 25.bxa3 Nxa5 26.Qe7 Rg8 27.Rd2 Qb6 28.
Nh4 Rgd8 29.Qb4 Nc4 30.Rde2 Qd6 31.Qb1 Qxa3 32.c3 Qxc3 33.Rc2 Qd3 34.Qc1 
Rd4 35.Nf3 Rd5 36.Rc3 Qxf5 37.Qa1 Qd7 38.Rcc1 Nd2 39.Nxd2 Rxd2 40.Qa5 Qd5 
41.Rg1 h6 42.Ra1 e4 43.Rae1 Re8 44.Qc3 Rd3 45.Qc2 e3 46.h3 e2 47.Kh2 Qe5+ 
48.Kh1 Qe4 0-1

[Event "XXIII Festival Conca della Presolana A"]
[Site "Bratto - Castione della Presolana ITA"]
[Date "2003.08.26"]
[Round "6"]
[White "Castaldo, Folco"]
[Black "Borgo, Giulio"]
[Result "1/2-1/2"]
[WhiteElo "2322"]
[BlackElo "2423"]
[PlyCount "29"]
[EventDate "2003.08.21"]

1.Nf3 d5 2.d4 Nf6 3.c4 e6 4.Nc3 Be7 5.Bg5 Nbd7 6.e3 O-O 7.Rc1 c6 8.Bd3 
dxc4 9.Bxc4 Nd5 10.Bxe7 Qxe7 11.O-O Nxc3 12.Rxc3 e5 13.Qc2 exd4 14.exd4 
Nf6 15.Re1 1/2-1/2

[Event "XXIII Festival Conca della Presolana A"]
[Site "Bratto - Castione della Presolana ITA"]
[Date "2003.08.26"]
[Round "6"]
[White "Castelfranchi, Carlo"]
[Black "Zanellato, Lorenzo"]
[Result "0-1"]
[WhiteElo "2165"]
[BlackElo "2055"]
[PlyCount "88"]
[EventDate "2003.08.21"]

1.d4 d5 2.c4 c6 3.Nc3 Nf6 4.Nf3 dxc4 5.e4 b5 6.e5 Nd5 7.a4 e6 8.axb5 Nxc3 
9.bxc3 cxb5 10.Ng5 Bb7 11.Be2 Be7 12.Bf3 Bd5 13.h4 Nc6 14.Ra6 Qd7 15.Ne4 
Qb7 16.Ra1 Nxe5 17.dxe5 Bxe4 18.Qd4 Bxf3 19.gxf3 Qxf3 20.O-O O-O 21.Rxa7 
Rxa7 22.Qxa7 Qg4+ 23.Kh2 Qxh4+ 24.Kg1 Rd8 25.Bf4 Bg5 26.Bg3 Qe4 27.f4 Bh6 
28.Qe7 Qd3 29.Bh4 Ra8 30.Qb7 Qd5 31.Qxd5 exd5 32.Rd1 Bxf4 33.Rxd5 g5 34.
Bf2 Rb8 35.Ba7 Rb7 36.Bd4 h5 37.Kg2 b4 38.cxb4 Rxb4 39.Rd8+ Kh7 40.Kf3 c3 
41.e6 fxe6 42.Rd7+ Kh6 43.Bg7+ Kg6 44.Bxc3 Rb3 0-1

[Event "XXIII Festival Conca della Presolana A"]
[Site "Bratto - Castione della Presolana ITA"]
[Date "2003.08.26"]
[Round "6"]
[White "Cazzaniga, Walter"]
[Black "Ricci, Alfredo"]
[Result "0-1"]
[WhiteElo "2130"]
[BlackElo "2037"]
[PlyCount "86"]
[EventDate "2003.08.21"]

1.d4 Nf6 2.c4 g6 3.Nc3 d5 4.cxd5 Nxd5 5.e4 Nxc3 6.bxc3 c5 7.Be3 Bg7 8.Qd2 
Qa5 9.Rb1 a6 10.Rc1 cxd4 11.cxd4 Qxd2+ 12.Kxd2 O-O 13.Nf3 Nc6 14.d5 Ne5 
15.Nxe5 Bxe5 16.f4 Bd6 17.g3 e6 18.Bc5 Bxc5 19.Rxc5 exd5 20.exd5 b6 21.Rc7
Rd8 22.Ke3 Bf5 23.Bg2 Rac8 24.Rc6 Kf8 25.Rhc1 Bd7 26.Rxc8 Rxc8 27.Kd2 Rxc1
28.Kxc1 Ke7 29.Kd2 Kd6 30.Kc3 Kc5 31.a3 f6 32.Be4 Be8 33.Bf3 h6 34.h4 Bf7 
35.Be4 g5 36.hxg5 hxg5 37.fxg5 fxg5 38.d6 Kxd6 39.Kd4 a5 40.Bd3 Bd5 41.Be2
Bc6 42.Bc4 b5 43.Bb3 Bd7 0-1

[Event "XXIII Festival Conca della Presolana A"]
[Site "Bratto - Castione della Presolana ITA"]
[Date "2003.08.26"]
[Round "6"]
[White "Cebalo, Miso"]
[Black "Maksimenko, Andrei"]
[Result "1/2-1/2"]
[WhiteElo "2510"]
[BlackElo "2512"]
[PlyCount "77"]
[EventDate "2003.08.21"]

1.d4 d5 2.c4 e6 3.Nf3 c6 4.Qc2 Nf6 5.Bg5 Nbd7 6.cxd5 cxd5 7.e3 Bd6 8.Bd3 
h6 9.Bh4 O-O 10.Nbd2 Qe7 11.Bg3 Bxg3 12.hxg3 b6 13.O-O Bb7 14.Rac1 Rfc8 
15.Qb1 Qd6 16.b4 Rxc1 17.Rxc1 a5 18.a3 axb4 19.axb4 Ra4 20.b5 Ra8 21.Qb2 
Ne4 22.Bxe4 dxe4 23.Nc4 Qd5 24.Nfe5 Nxe5 25.dxe5 Rc8 26.Nd6 Rc5 27.g4 Ba8 
28.Rxc5 bxc5 29.Qa1 Kh7 30.Nxf7 c4 31.Nd6 c3 32.Qxc3 Qd1+ 33.Kh2 Qxg4 34.
Qd4 Qe2 35.Kg3 h5 36.Qa7 h4+ 37.Kxh4 Qxf2+ 38.Kh3 Bd5 39.g3 1/2-1/2

[Event "XXIII Festival Conca della Presolana A"]
[Site "Bratto - Castione della Presolana ITA"]
[Date "2003.08.26"]
[Round "6"]
[White "Contin, Daniel"]
[Black "Guido, Flavio"]
[Result "1-0"]
[WhiteElo "2356"]
[BlackElo "2332"]
[PlyCount "91"]
[EventDate "2003.08.21"]

1.c4 Nf6 2.Nc3 c5 3.g3 e6 4.Nf3 b6 5.Bg2 Bb7 6.O-O Be7 7.b3 O-O 8.Bb2 d6 
9.d4 cxd4 10.Qxd4 a6 11.Rfd1 Nbd7 12.Ng5 Bxg2 13.Kxg2 Qc7 14.Nge4 Rfd8 15.
f3 Nc5 16.Rac1 Qb7 17.Nxf6+ Bxf6 18.Qf4 Be5 19.Qe3 b5 20.b4 bxc4 21.bxc5 
Qxb2 22.Na4 Qxa2 23.Nb6 Bb2 24.Rxc4 dxc5 25.Ra4 Bd4 26.Qd3 c4 27.Rxa2 cxd3
28.Nxa8 Rxa8 29.Rxd3 Bc5 30.Rad2 Be7 31.Rd7 Bf6 32.Rc2 h6 33.Rcc7 a5 34.
Rxf7 Rb8 35.Rb7 Rc8 36.Rfc7 Rd8 37.Rd7 Rc8 38.Rbc7 Rb8 39.Rc6 Rb2 40.Rxe6 
a4 41.Re8+ Kh7 42.Ra7 Ra2 43.f4 a3 44.Kf3 Ra1 45.Rea8 Bb2 46.e4 1-0

[Event "XXIII Festival Conca della Presolana A"]
[Site "Bratto - Castione della Presolana ITA"]
[Date "2003.08.26"]
[Round "6"]
[White "Contini, Gabriele"]
[Black "Danieli, Enrico"]
[Result "0-1"]
[WhiteElo "1969"]
[BlackElo "2120"]
[PlyCount "116"]
[EventDate "2003.08.21"]

1.d4 Nf6 2.Bg5 e6 3.e4 h6 4.Bxf6 Qxf6 5.Nf3 d6 6.Nc3 g6 7.e5 Qe7 8.Bd3 Bg7
9.O-O O-O 10.Re1 d5 11.Ne2 b6 12.c3 Ba6 13.Bc2 Bxe2 14.Qxe2 c5 15.Rad1 Nd7
16.Qd3 Rfc8 17.g3 Rc7 18.h4 c4 19.Qe2 b5 20.h5 g5 21.Bb1 b4 22.Qc2 Nf8 23.
Re3 a5 24.Qa4 Rb7 25.Bc2 Nd7 26.Bb1 Rab8 27.Qc2 Nf8 28.Rc1 bxc3 29.bxc3 
Qa3 30.Nd2 Rb2 31.Qd1 Qe7 32.f4 gxf4 33.gxf4 Qh4 34.Rf3 Qg4+ 35.Kf2 Qxh5 
36.Bc2 Qh2+ 37.Ke3 Rxa2 38.Rf2 Qg3+ 39.Rf3 Qg2 40.Qe1 Rbb2 41.Rg3 Qh2 42.
Qg1 Qxg1+ 43.Rcxg1 Ng6 44.Bxg6 Rxd2 45.Bxf7+ Kf8 46.Bg6 Re2+ 47.Kf3 Rf2+ 
48.Kg4 Rab2 49.f5 exf5+ 50.Bxf5 h5+ 51.Kxh5 Rxf5+ 52.Kg6 Rf7 53.Kh7 Rh2+ 
54.Kg6 Rh6+ 55.Kg5 Rb6 56.Ra1 Bh6+ 57.Kh5 Bf4 58.Rg6 Rh7+ 0-1

[Event "XXIII Festival Conca della Presolana A"]
[Site "Bratto - Castione della Presolana ITA"]
[Date "2003.08.26"]
[Round "6"]
[White "Costantini, Roberto"]
[Black "Ranieri, Fabrizio"]
[Result "0-1"]
[WhiteElo "2334"]
[BlackElo "2170"]
[PlyCount "50"]
[EventDate "2003.08.21"]

1.e4 e6 2.d4 d5 3.Nc3 Nf6 4.e5 Nfd7 5.f4 c5 6.Nf3 Nc6 7.Be3 cxd4 8.Nxd4 
Qb6 9.Qd2 Qxb2 10.Rb1 Qa3 11.Bb5 Ndb8 12.O-O a6 13.Bxc6+ bxc6 14.Rb3 Qa5 
15.Rxb8 Rxb8 16.Nxc6 Qc7 17.Nxb8 Qxb8 18.f5 Qxe5 19.Bd4 Qc7 20.fxe6 Bxe6 
21.Kh1 Qc4 22.Rb1 Bd6 23.Bxg7 Rg8 24.Bd4 Rg4 25.Rd1 Bb4 0-1

[Event "XXIII Festival Conca della Presolana A"]
[Site "Bratto - Castione della Presolana ITA"]
[Date "2003.08.26"]
[Round "6"]
[White "De Vita, Igor"]
[Black "Temi, Walter"]
[Result "1/2-1/2"]
[WhiteElo "2158"]
[BlackElo "2064"]
[PlyCount "44"]
[EventDate "2003.08.21"]

1.d4 Nf6 2.c4 g6 3.Nc3 d5 4.Nf3 Bg7 5.Bg5 Ne4 6.cxd5 Nxg5 7.Nxg5 e6 8.Qd2 
h6 9.Nf3 exd5 10.e3 c6 11.Bd3 Nd7 12.O-O O-O 13.Rac1 Re8 14.Na4 Nf6 15.Qc2
Ne4 16.Nd2 f5 17.Nc5 Qf6 18.Rfe1 Bf8 19.Nf1 h5 20.a3 Bd6 21.b4 a6 22.Rb1 
Re7 1/2-1/2

[Event "XXIII Festival Conca della Presolana A"]
[Site "Bratto - Castione della Presolana ITA"]
[Date "2003.08.26"]
[Round "6"]
[White "Del Dotto, Riccardo"]
[Black "Vancini, Edoardo"]
[Result "0-1"]
[WhiteElo "2151"]
[BlackElo "2284"]
[PlyCount "92"]
[EventDate "2003.08.21"]

1.e4 c5 2.Nc3 Nc6 3.g3 g6 4.Bg2 Bg7 5.d3 d6 6.Be3 e6 7.Qd2 Nge7 8.Bh6 Bxh6
9.Qxh6 Nd4 10.Qd2 Qa5 11.Nge2 Nec6 12.O-O Bd7 13.Nc1 O-O 14.Nb3 Qd8 15.
Nxd4 Nxd4 16.Nd1 Rb8 17.c3 Nc6 18.Ne3 b5 19.h4 f5 20.f4 Qf6 21.Rad1 e5 22.
Nd5 Qg7 23.Bf3 b4 24.Qg2 bxc3 25.bxc3 Ne7 26.exf5 gxf5 27.Nxe7+ Qxe7 28.
Bd5+ Kh8 29.Rde1 Qf6 30.fxe5 dxe5 31.c4 Rb6 32.Rf2 Qg7 33.Kh2 Rg6 34.Qf3 
f4 35.Rg1 Qh6 36.Kh1 Bf5 37.Qe2 Qg7 38.Rfg2 fxg3 39.Qe3 Qf6 40.Rxg3 Qxh4+ 
41.Kg2 Bh3+ 42.Kh2 Bf1+ 43.Rh3 Qxh3+ 44.Qxh3 Bxh3 45.Rxg6 hxg6 46.Kxh3 Rf2
0-1

[Event "XXIII Festival Conca della Presolana A"]
[Site "Bratto - Castione della Presolana ITA"]
[Date "2003.08.26"]
[Round "6"]
[White "Dittmar, Peter"]
[Black "De Santis, Alessio"]
[Result "1/2-1/2"]
[WhiteElo "2349"]
[BlackElo "2289"]
[PlyCount "136"]
[EventDate "2003.08.21"]

1.d4 d6 2.g3 f5 3.Bg2 Nf6 4.c3 g6 5.Qb3 c6 6.Nh3 Qb6 7.Nd2 Qxb3 8.axb3 Bg7
9.Nc4 Na6 10.Rxa6 d5 11.Nb6 bxa6 12.Nxa8 Kd7 13.Bf4 Nh5 14.Bb8 Bb7 15.Bxa7
Rxa8 16.Bc5 a5 17.f4 a4 18.bxa4 Rxa4 19.Kd2 Ba6 20.Nf2 Nf6 21.Ba3 e6 22.
Nd3 Bxd3 23.exd3 Ne8 24.Ke2 Nc7 25.Bf3 Nb5 26.Bc5 h5 27.h3 Ra8 28.Rg1 Rh8 
29.Kd2 Bf6 30.h4 Ra8 31.Kc2 Ra4 32.Rc1 Ra6 33.Bd1 Ra8 34.Rb1 Ra6 35.Kd2 
Be7 36.Bxe7 Kxe7 37.Kc2 Kd6 38.Be2 Ra8 39.Rc1 Ra2 40.Kb3 Ra7 41.Kc2 Ra2 
42.Kb1 Ra8 43.Bd1 Ra7 44.Bb3 Ra8 45.Kc2 Ra7 46.Kd2 Ra8 47.Ke3 Ra7 48.c4 
Nc7 49.Kd2 Ra8 50.Kc3 Ra7 51.Bc2 Ra8 52.Re1 Ra7 53.Rc1 Ra8 54.Bd1 Ra2 55.
Kb3 Ra7 56.Bf3 Ra8 57.Kc3 Ra2 58.Kc2 Kd7 59.Kb1 Ra8 60.Rc3 Ra7 61.Ra3 Rxa3
62.bxa3 Kc8 63.Kb2 Kb7 64.Kc3 Kb6 65.Kb4 Na6+ 66.Ka4 Nc7 67.Kb4 Na6+ 68.
Ka4 Nc7 1/2-1/2

[Event "XXIII Festival Conca della Presolana A"]
[Site "Bratto - Castione della Presolana ITA"]
[Date "2003.08.26"]
[Round "6"]
[White "Drabke, Lorenz Maximilian"]
[Black "Scotti, Umberto"]
[Result "1-0"]
[WhiteElo "2448"]
[BlackElo "2135"]
[PlyCount "65"]
[EventDate "2003.08.21"]

1.e4 e6 2.d3 d5 3.Qe2 dxe4 4.dxe4 e5 5.Nf3 Nc6 6.c3 a5 7.Qc2 Bd6 8.Bb5 Ne7
9.O-O O-O 10.Nbd2 Ng6 11.Rd1 Qe7 12.Bxc6 bxc6 13.h3 Nf4 14.Nc4 Qf6 15.Bxf4
Qxf4 16.Nxd6 cxd6 17.Rxd6 Bxh3 18.Qd3 Bg4 19.Nd2 Qg5 20.Qg3 Rad8 21.Nf3 
Qf4 22.Rxd8 Rxd8 23.Nxe5 Qxg3 24.fxg3 h5 25.Nxc6 Rd2 26.b4 axb4 27.cxb4 
Bd7 28.Ne5 Bc8 29.b5 Bb7 30.Nc4 Rd4 31.Rc1 Bxe4 32.a4 Bd5 33.b6 1-0

[Event "XXIII Festival Conca della Presolana A"]
[Site "Bratto - Castione della Presolana ITA"]
[Date "2003.08.26"]
[Round "6"]
[White "Frilli, Guido"]
[Black "Gosio, Denis"]
[Result "0-1"]
[WhiteElo "2071"]
[BlackElo "2160"]
[PlyCount "102"]
[EventDate "2003.08.21"]

1.e4 c5 2.Nf3 e6 3.d3 Nc6 4.c3 d5 5.Qe2 Nf6 6.g3 Be7 7.Bg2 O-O 8.O-O b5 9.
e5 Nd7 10.h4 Qc7 11.Bf4 a5 12.Nbd2 Ba6 13.Rfe1 Rfc8 14.Nf1 Qd8 15.N1h2 b4 
16.Ng5 Nf8 17.Qf3 Qe8 18.Ng4 a4 19.a3 bxc3 20.bxc3 Rab8 21.h5 Rb3 22.h6 g6
23.Bd2 Nd7 24.Qe3 d4 25.Qe4 Bb7 26.Qf4 dxc3 27.Be3 Nd4 28.Bxb7 Rxb7 29.
Bxd4 cxd4 30.Nf3 Nc5 31.Nxd4 Nb3 32.Qf3 Rbb8 33.Nc2 Nxa1 34.Rxa1 Rb2 35.
Rc1 Rb3 36.d4 Rd8 37.Kg2 Rc8 38.Nb4 c2 39.Qf4 Rbc3 40.d5 R8c4 41.Nf6+ Bxf6
42.Qxf6 Qf8 43.Nc6 Rxc6 44.dxc6 Rxc6 45.f4 Qxh6 46.Qd8+ Qf8 47.Qd3 Qc8 48.
Qb5 Rc4 49.Qa5 Rd4 50.Qe1 Qc6+ 51.Kh2 Qd5 0-1

[Event "XXIII Festival Conca della Presolana A"]
[Site "Bratto - Castione della Presolana ITA"]
[Date "2003.08.26"]
[Round "6"]
[White "Garrapa, Gianluigi"]
[Black "Vigile, Matteo"]
[Result "0-1"]
[WhiteElo "1909"]
[BlackElo "2080"]
[PlyCount "62"]
[EventDate "2003.08.21"]

1.e4 d6 2.d4 Nf6 3.Nc3 g6 4.f3 c6 5.Be3 Nbd7 6.Bd3 b5 7.Qd2 b4 8.Nce2 Rb8 
9.Bh6 Bxh6 10.Qxh6 e5 11.Qg7 Rg8 12.Qh6 c5 13.dxc5 Nxc5 14.Bc4 g5 15.g4 
Ncxe4 16.Bd3 Nc5 17.O-O-O Nxd3+ 18.cxd3 Rg6 19.Qh3 Qa5 20.Kb1 Be6 21.Nc1 
Nd5 22.Nge2 Nc3+ 23.Nxc3 bxc3 24.b3 Qa3 25.Qg2 Bxb3 26.axb3 Rxb3+ 27.Nxb3 
Qxb3+ 28.Kc1 Qa3+ 29.Kb1 d5 30.Qa2 c2+ 31.Ka1 Qc3+ 0-1

[Event "XXIII Festival Conca della Presolana A"]
[Site "Bratto - Castione della Presolana ITA"]
[Date "2003.08.26"]
[Round "6"]
[White "Guglielmi, Giuseppe"]
[Black "Bonetti, Marco"]
[Result "1/2-1/2"]
[WhiteElo "1991"]
[BlackElo "2105"]
[PlyCount "54"]
[EventDate "2003.08.21"]

1.d4 Nf6 2.Nf3 e6 3.Bg5 d5 4.e3 Be7 5.Bd3 Nbd7 6.Nbd2 O-O 7.O-O c5 8.b3 h6
9.Bh4 b6 10.Ne5 Nxe5 11.dxe5 Nd7 12.Bxe7 Qxe7 13.Qh5 Bb7 14.f4 Rac8 15.a4 
c4 16.bxc4 Qb4 17.Rf2 dxc4 18.Be4 Qc3 19.Rd1 Bxe4 20.Nxe4 Qxe3 21.Nd6 Rc5 
22.Nxf7 Rxf7 23.Rxd7 Rxf4 24.Qe8+ Kh7 25.Rxg7+ Kxg7 26.Qe7+ Kg6 27.Qe8+ 
Kg7 1/2-1/2

[Event "XXIII Festival Conca della Presolana A"]
[Site "Bratto - Castione della Presolana ITA"]
[Date "2003.08.26"]
[Round "6"]
[White "Guidi, Maurizio"]
[Black "Alberton, Roberto"]
[Result "1/2-1/2"]
[WhiteElo "1936"]
[BlackElo "2113"]
[PlyCount "153"]
[EventDate "2003.08.21"]

1.e4 e6 2.d4 d5 3.Nc3 Nf6 4.e5 Nfd7 5.Nce2 c5 6.c3 Nc6 7.Nf3 Qb6 8.a3 c4 
9.Ng3 Na5 10.Be2 Nb3 11.Rb1 Qc7 12.Nd2 Na5 13.f4 g6 14.O-O Nb6 15.Rf2 Bd7 
16.Ndf1 Ba4 17.Qd2 Bb3 18.Ra1 h5 19.Ne3 Bh6 20.Qe1 O-O-O 21.Ngf1 Ba4 22.
Nd2 Nb3 23.Nxb3 Bxb3 24.h4 Kb8 25.g3 Nc8 26.Bf3 Ne7 27.Bg2 Qd7 28.Bh3 Qa4 
29.Qe2 Bf8 30.Bd2 Bc2 31.Nxc2 Qxc2 32.Be1 Qxe2 33.Rxe2 Nc6 34.Kg2 Be7 35.
Bf2 Kc7 36.Rh1 b5 37.Re3 a5 38.g4 b4 39.axb4 axb4 40.gxh5 Rxh5 41.Bg4 Rh6 
42.Reh3 Rdh8 43.h5 gxh5 44.Bxh5 f5 45.exf6 Bxf6 46.Bg4 Rxh3 47.Bxh3 Kd7 
48.Ra1 bxc3 49.bxc3 Rb8 50.Re1 Nd8 51.f5 Rb6 52.fxe6+ Nxe6 53.Bxe6+ Rxe6 
54.Rxe6 Kxe6 55.Kf3 Kf5 56.Ke2 Ke4 57.Bg1 Bg5 58.Bh2 Be3 59.Be5 Bc1 60.Bg7
Bb2 61.Kd2 Ba3 62.Bf6 Kf3 63.Bd8 Bf8 64.Bc7 Bg7 65.Kc2 Ke2 66.Bb6 Kf3 67.
Bc5 Ke4 68.Bb6 Bf8 69.Ba5 Bd6 70.Bb6 Kf5 71.Bd8 Ke6 72.Bg5 Be7 73.Bf4 Kf5 
74.Bc7 Bg5 75.Bb6 Ke6 76.Bc7 Be7 77.Bf4 1/2-1/2

[Event "XXIII Festival Conca della Presolana A"]
[Site "Bratto - Castione della Presolana ITA"]
[Date "2003.08.26"]
[Round "6"]
[White "Horvath, Csaba"]
[Black "Qendro, Llambi"]
[Result "1-0"]
[WhiteElo "2513"]
[BlackElo "2370"]
[PlyCount "109"]
[EventDate "2003.08.21"]

1.d4 d6 2.e4 Nf6 3.Nc3 g6 4.Be3 Bg7 5.Qd2 c6 6.Nf3 Qa5 7.h3 Nbd7 8.Bd3 O-O
9.O-O e5 10.a3 Re8 11.Rfd1 Qc7 12.dxe5 dxe5 13.Bc4 Nb6 14.Bb3 Be6 15.Qd6 
Qxd6 16.Rxd6 Bxb3 17.cxb3 Rad8 18.Rad1 Rxd6 19.Rxd6 Nc8 20.Rd3 Re6 21.Rd8+
Re8 22.Rd3 Re6 23.Kf1 Rd6 24.Nxe5 Nh5 25.Rxd6 Nxd6 26.Nc4 Nxc4 27.bxc4 
Bxc3 28.bxc3 Nf6 29.f3 a6 30.Ke2 Nd7 31.f4 f6 32.Kd3 Kf7 33.f5 c5 34.Bf4 
g5 35.Bd6 Ne5+ 36.Ke2 Nxc4 37.Bxc5 b6 38.Bd4 b5 39.Bc5 Ne5 40.Ke3 Nc6 41.
Bd6 Ke8 42.e5 fxe5 43.Ke4 Na5 44.Kxe5 Kf7 45.Bc5 Nc4+ 46.Kd5 h5 47.a4 h4 
48.Bd4 Nb2 49.axb5 axb5 50.Ke4 Nc4 51.Kf3 Nb2 52.Kg4 Nd3 53.Kxg5 Ne1 54.
Bf2 Nxg2 55.Kg4 1-0

[Event "XXIII Festival Conca della Presolana A"]
[Site "Bratto - Castione della Presolana ITA"]
[Date "2003.08.26"]
[Round "6"]
[White "Khenkin, Igor"]
[Black "Isonzo, David"]
[Result "1-0"]
[WhiteElo "2638"]
[BlackElo "2347"]
[PlyCount "110"]
[EventDate "2003.08.21"]

1.d4 Nc6 2.Nf3 d5 3.c4 Bg4 4.Nc3 e6 5.Bg5 Be7 6.cxd5 exd5 7.Bxe7 Ngxe7 8.
e3 O-O 9.Be2 Kh8 10.Rc1 Rb8 11.Qb3 f5 12.g3 Na5 13.Qc2 Bxf3 14.Bxf3 c6 15.
b3 b6 16.Ne2 Nb7 17.Nf4 Rf6 18.Nd3 Nd6 19.Bg2 Qe8 20.Qe2 Rc8 21.O-O g5 22.
Rc2 Ng6 23.Rfc1 f4 24.exf4 Qxe2 25.Rxe2 gxf4 26.Bh3 Rc7 27.Nb4 Ne7 28.a4 
a5 29.Nd3 fxg3 30.hxg3 Nef5 31.Bxf5 Nxf5 32.Nf4 Re7 33.Rxe7 Nxe7 34.Re1 
Rf7 35.Re6 Kg7 36.Kg2 Kf8 37.Nd3 Nf5 38.Rxc6 Rb7 39.Rf6+ Rf7 40.Rxb6 Nxd4 
41.b4 axb4 42.Nxb4 Ra7 43.Rf6+ Kg7 44.Rf4 Ne2 45.Rg4+ Kf7 46.Nxd5 Ra5 47.
Nb6 Ra6 48.Nc4 h5 49.Rh4 Kg6 50.a5 Nc1 51.Rd4 Nb3 52.Rd3 Nc5 53.Rd6+ Rxd6 
54.Nxd6 Na6 55.f4 Kh6 1-0

[Event "XXIII Festival Conca della Presolana A"]
[Site "Bratto - Castione della Presolana ITA"]
[Date "2003.08.26"]
[Round "6"]
[White "Lanzani, Giuliano"]
[Black "Astengo, Marcello"]
[Result "1/2-1/2"]
[WhiteElo "2092"]
[BlackElo "2070"]
[PlyCount "37"]
[EventDate "2003.08.21"]

1.e4 e6 2.d4 d5 3.Nc3 Bb4 4.Ne2 Nf6 5.e5 Nfd7 6.a3 Be7 7.Qd3 b6 8.Qg3 Kf8 
9.Nf4 Ba6 10.Nh5 Rg8 11.Bxa6 Nxa6 12.Qd3 Nab8 13.Qxh7 Bg5 14.f4 Bh6 15.O-O
Qh4 16.Ng3 g6 17.Kh1 Rg7 18.Qh8+ Rg8 19.Qh7 1/2-1/2

[Event "XXIII Festival Conca della Presolana A"]
[Site "Bratto - Castione della Presolana ITA"]
[Date "2003.08.26"]
[Round "6"]
[White "Lapiccirella, Mattia"]
[Black "Lapiccirella, Daniele"]
[Result "1/2-1/2"]
[WhiteElo "2187"]
[BlackElo "2087"]
[PlyCount "25"]
[EventDate "2003.08.21"]

1.e4 e6 2.d4 d5 3.Nd2 dxe4 4.Nxe4 Nd7 5.Bd3 Ngf6 6.Bg5 Be7 7.Bxf6 Nxf6 8.
Nf3 O-O 9.O-O b6 10.Nxf6+ Bxf6 11.Be4 Rb8 12.Qd3 g6 13.Rad1 1/2-1/2

[Event "XXIII Festival Conca della Presolana A"]
[Site "Bratto - Castione della Presolana ITA"]
[Date "2003.08.26"]
[Round "6"]
[White "Leoni, Fabrizio"]
[Black "Cavatorta, Fosco"]
[Result "1-0"]
[WhiteElo "2102"]
[BlackElo "2152"]
[PlyCount "47"]
[EventDate "2003.08.21"]

1.d4 d6 2.Nf3 g6 3.e4 Nf6 4.Nc3 Bg7 5.h3 a6 6.a4 O-O 7.Be3 b6 8.Bc4 Bb7 9.
Qd3 e6 10.O-O Nxe4 11.Nxe4 d5 12.Bxd5 Bxd5 13.c4 Bb7 14.Rfd1 Nc6 15.Nc3 
Nb4 16.Qe2 Qf6 17.d5 exd5 18.cxd5 Rfe8 19.Qc4 Nc2 20.Bg5 Qd6 21.Rac1 h6 
22.Bf4 Qxf4 23.Qxf4 Nb4 24.Qxb4 1-0